000
00361nam a2200133Ia 4500
008
100328s9999 xx 000 0 und d
082
_b
59073
100
_a
शेख जहीर.
245
_a
नार्सिसेस.
260
_b
जाणीव.
630
_a
नार्सिसेस.
730
_a
नार्सिसेस.
942
_c
BOOK
999
_c
545338
_d
545335